Derecho de la información: una perspectiva comparada de España e Iberoamérica
Guardat en:
| Autor principal: | |
|---|---|
| Format: | Llibre |
| Idioma: | espanyol |
| Publicat: |
Madrid
Universidad de Extremadura
2007
|
| Edició: | 1a. ed |
| Matèries: | |
| Etiquetes: |
Afegir etiqueta
Sense etiquetes, Sigues el primer a etiquetar aquest registre!
|
MARC
| LEADER | 00000cam a2200000 a 4500 | ||
|---|---|---|---|
| 001 | UCC0717 | ||
| 003 | CL-VaPUC | ||
| 005 | 20240723103506.0 | ||
| 008 | 170825e20070000sp |||||||||||||||||spa|d | ||
| 999 | |c 369469 |d 369467 | ||
| 020 | |a 9788477237723 | ||
| 020 | |a 9788498491432 | ||
| 040 | |c Pontificia Universidad Católica de Valparaíso | ||
| 082 | 0 | 4 | |a 342.0853 |b ROD |2 21 |
| 100 | 0 | |a Rodríguez Pardo, Julián |e author |9 594728 | |
| 245 | 1 | 0 | |a Derecho de la información: una perspectiva comparada de España e Iberoamérica |
| 250 | |a 1a. ed | ||
| 260 | |a Madrid |b Universidad de Extremadura |c 2007 | ||
| 300 | |a 280 p | ||
| 505 | |a Del derecho humano a la información al fundamental pluralismo informativo. Una perspectiva europea /Julián Rodríguez Pardo Los alcances de la libertad de expresión en el derecho argentino /Julio César Rivera Marco jurídico de la libertad de expresión y del derecho a la información en Colombia /Daissy Cañón Beltrán El derecho a la información en Cuba: garantías más allá de su reconocimiento constitucional /Arián Hernández Mejías Libertad de opinión e información y derecho a la vida privada: la perspectiva jurisprudencial chilena /Ignacio Covarrubias Cuevas El derecho a la información en España /María Pilar Cousido González Aspectos constitucionales legislativos y jurisprudenciales del Derecho a la Información en México /Héctor Pérez Pintor Derecho a la información y libertad de expresión en Perú /Francisco Bobadilla Rodríguez La responsabilidad legal derivada del acto informativo y las leyes de desacato en Venezuela /Andrés Guillermo Carvallo Bracho | ||
| 583 | |a last modification |c 20170825 13:52:00 |k Rodrigo Vera | ||
| 650 | 0 | |a Derecho a la información |9 256185 | |
| 650 | 7 | |a RESPONSABILIDAD CIVIL |2 CL-VaPUC |9 594729 | |
| 650 | 0 | |a Derecho comparado |9 255664 | |
| 942 | |c BK |2 ddc | ||
| 945 | |d 20170825 13:52:00 |a arojas | ||
| 952 | |0 0 |1 0 |3 erb |4 0 |6 342_085300000000000_ROD_2007 |7 0 |8 A |9 485282 |a BIBDER |b BIBDER |i 5418755 |o 342.0853 ROD 2007 |p 5418755 |r 2023-01-25 |w 2019-11-24 |y BK |z Catalogado en:20170825 |k DER | ||